[Event "Feffernitz op 24th"]
[Site "Feffernitz"]
[Date "2015.08.18"]
[Round "4"]
[White "Mitter, Gerd"]
[Black "Wieser, Gerald"]
[Result "1/2-1/2"]
[WhiteElo "2215"]
[BlackElo "1894"]
[PlyCount "112"]
[EventDate "2015.08.16"]
[EventType "swiss"]
[EventRounds "9"]
[EventCountry "AUT"]
[SourceTitle "EXT 2016"]
[Source "ChessBase"]
[SourceDate "2015.10.08"]
[SourceVersion "1"]
[SourceVersionDate "2015.10.08"]
[SourceQuality "1"]

1. Nf3 d5 2. c4 c6 3. g3 Nf6 4. Bg2 e6 5. 0-0 Bd6 6. d4 Nbd7 7. Nbd2 0-0 8. Qc2 Re8 9. Rd1 b6 10. e4 dxe4 11. Nxe4 Nxe4 12. Qxe4 Bb7 13. Ne5 Rc8 14. Bf4 Qc7 15. Rac1 Red8 16. a3 Ba8 17. Qe2 c5 18. Bxa8 Rxa8 19. Re1 Nxe5 20. dxe5 Be7 21. Red1 Rac8 22. g4 g6 23. Qe4 Rd7 24. Rxd7 Qxd7 25. Qe2 Rd8 26. Rc2 Qc6 27. Rd2 Rd7 28. Rd3 Qc7 29. Qd2 Rxd3 30. Qxd3 Qd8 31. Qxd8+ Bxd8 32. Kf1 Kf8 33. Ke2 Ke8 34. Kd3 Kd7 35. Ke4 Be7 36. Be3 Kc6 37. a4 a6 38. b3 b5 39. Bd2 bxa4 40. bxa4 Bd8 41. f4 Kd7 42. h3 Kc6 43. f5 Be7 44. f6 Bf8 45. h4 Kb6 46. Kf3 Kc6 47. Ba5 Kd7 48. Bd2 Kc6 49. h5 Kb6 50. Kg3 Kc6 51. Kh3 Kb6 52. Kh4 Kc6 53. Kg5 Kb6 54. hxg6 hxg6 55. Be3 a5 56. Bd2 Ka6 1/2-1/2

[Event "Feffernitz op 24th"]
[Site "Feffernitz"]
[Date "2015.08.17"]
[Round "3"]
[White "Hofmann, Lorenz"]
[Black "Wieser, Gerald"]
[Result "0-1"]
[WhiteElo "1663"]
[BlackElo "1894"]
[PlyCount "62"]
[EventDate "2015.08.16"]
[EventType "swiss"]
[EventRounds "9"]
[EventCountry "AUT"]
[SourceTitle "EXT 2016"]
[Source "ChessBase"]
[SourceDate "2015.10.08"]
[SourceVersion "1"]
[SourceVersionDate "2015.10.08"]
[SourceQuality "1"]

1. e4 c6 2. d4 d5 3. exd5 cxd5 4. c3 Nf6 5. Nf3 Nc6 6. Bf4 Bg4 7. Nbd2 h6 8. Qa4 Bd7 9. Qc2 e6 10. Bd3 Be7 11. 0-0 Rc8 12. Rac1 Nb4 13. Qb1 Nxd3 14. Qxd3 a6 15. Ne5 Bb5 16. c4 dxc4 17. Ndxc4 Nd5 18. Qf3 Nxf4 19. Qxf4 0-0 20. Qg4 Bf6 21. Rfd1 Qe7 22. b3 Rfd8 23. a4 Be8 24. Qe2 Qb4 25. a5 Bb5 26. Qa2 Bg5 27. Rc2 Rxd4 28. Rb1 Rcd8 29. Qa1 Bf6 30. h3 Bxc4 31. bxc4 Qxb1+ 0-1

[Event "Feffernitz op 24th"]
[Site "Feffernitz"]
[Date "2015.08.16"]
[Round "2"]
[White "Wieser, Gerald"]
[Black "Eder, Matthias"]
[Result "0-1"]
[WhiteElo "1894"]
[BlackElo "2152"]
[PlyCount "118"]
[EventDate "2015.08.16"]
[EventType "swiss"]
[EventRounds "9"]
[EventCountry "AUT"]
[SourceTitle "EXT 2016"]
[Source "ChessBase"]
[SourceDate "2015.10.08"]
[SourceVersion "1"]
[SourceVersionDate "2015.10.08"]
[SourceQuality "1"]

1. e4 g6 2. d4 Bg7 3. Nf3 d6 4. Be3 Nf6 5. Nbd2 0-0 6. Bd3 Nc6 7. c3 e5 8. d5 Ne7 9. h3 Nh5 10. g4 Nf4 11. Bxf4 exf4 12. Qc2 c6 13. c4 b5 14. dxc6 bxc4 15. Bxc4 Nxc6 16. a3 Rb8 17. Rb1 Ne7 18. 0-0 h5 19. Nh2 d5 20. exd5 Nxd5 21. Ndf3 Nb6 22. Ba2 Qf6 23. b4 Bd7 24. Rfd1 Rbc8 25. Qd2 hxg4 26. hxg4 Bb5 27. Rdc1 Rcd8 28. Qc2 Rc8 29. Qd2 Rcd8 30. Qc2 Rc8 31. Qd2 Rxc1+ 32. Rxc1 Rd8 33. Qc2 Rc8 34. Qd2 Rd8 35. Qc2 Rc8 36. Qd2 Rxc1+ 37. Qxc1 Qb2 38. Qxb2 Bxb2 39. Ng5 Be8 40. Nh3 Bxa3 41. Nxf4 Kg7 42. Nf1 Bxb4 43. Nd5 Nxd5 44. Bxd5 Bd7 45. f3 a5 46. Ng3 a4 47. Ne2 Bd2 48. Kf1 Be6 49. Bxe6 fxe6 50. Nd4 a3 51. Nb3 a2 52. Ke2 Bc3 53. Kd3 a1Q 54. Nxa1 Bxa1 55. Ke4 Kf6 56. Kf4 e5+ 57. Ke4 Kg5 58. Ke3 Bb2 59. Ke4 Bd4 0-1

[Event "St Veit op-B 27th"]
[Site "St Veit"]
[Date "2008.07.06"]
[Round "?"]
[White "Loerke, Reinhard"]
[Black "Wieser, Gerald"]
[Result "1-0"]
[WhiteElo "1995"]
[BlackElo "1923"]
[PlyCount "39"]
[EventDate "2008.07.05"]
[EventType "swiss"]
[EventRounds "9"]
[EventCountry "AUT"]
[SourceTitle "EXT 2024"]
[Source "ChessBase"]
[SourceDate "2023.10.10"]
[SourceVersion "1"]
[SourceVersionDate "2023.10.10"]
[SourceQuality "1"]

1. e4 c6 2. d4 d5 3. Nc3 dxe4 4. Nxe4 Bf5 5. Nc3 Nf6 6. Bd3 Bxd3 7. Qxd3 e6 8. Nf3 Nbd7 9. Bf4 Be7 10. h3 h6 11. 0-0-0 Qa5 12. Kb1 Nd5 13. Nxd5 cxd5 14. Rhe1 Qb6 15. Re2 0-0 16. g4 Rac8 17. g5 hxg5 18. Bxg5 Qd8 19. Rg1 g6 20. Rxe6 1-0

[Event "Jacques Lemans op 23rd"]
[Site "St Veit"]
[Date "2004.07.15"]
[Round "6"]
[White "Wieser, Gerald"]
[Black "Gruber, Dietmar"]
[Result "1-0"]
[WhiteElo "1931"]
[BlackElo "2100"]
[PlyCount "78"]
[EventDate "2004.07.10"]
[EventType "swiss"]
[EventRounds "9"]
[EventCountry "AUT"]
[SourceTitle "CBM 101 Extra"]
[Source "ChessBase"]
[SourceDate "2004.09.01"]
[SourceVersion "2"]
[SourceVersionDate "2004.09.01"]
[SourceQuality "1"]

1. e4 e6 2. d4 d5 3. exd5 exd5 4. Bd3 Nc6 5. c3 Bd6 6. Be3 Nge7 7. Qc2 Be6 8. Nd2 Qd7 9. h3 0-0-0 10. Ne2 h6 11. 0-0-0 Rhe8 12. Bf4 f5 13. Bxd6 Qxd6 14. f4 g6 15. Nf3 Kb8 16. Kb1 Ng8 17. Ne5 Nce7 18. g3 Nf6 19. Rhg1 Ne4 20. Nc1 Rg8 21. Rg2 Rg7 22. Rdg1 h5 23. h4 Ng8 24. Nf3 Ngf6 25. Ng5 Ng4 26. Re1 Bd7 27. Nf3 Ngf6 28. Ne2 Qb6 29. Neg1 Bb5 30. Ne5 a5 31. Bxb5 Qxb5 32. Qd3 Qb6 33. Ngf3 Rd6 34. Ree2 Qa7 35. b3 Rb6 36. Rb2 Qa6 37. Qxa6 Rxa6 38. Rbc2 b5 39. Kb2 a4 1-0